Principles of external auditing

Na minha lista:
Detalhes bibliográficos
Autor principal: Porter, Brenda
Outros Autores: Simon, Jon, Hatherly, David
Formato: Livro
Idioma:inglês
Publicado em: New York John Wiley & Sons 1997
Assuntos:
Tags: Adicionar Tag
Sem tags, seja o primeiro a adicionar uma tag!

MARC

LEADER 00000nam a2200000 4500
001 c103142
005 20221124074859.1
020 |a 0-471-96212-0 
041 0 |a eng 
044 |a US 
245 1 0 |a Principles of external auditing  |c Brenda Porter, Jon Simon, David Hatherly 
264 1 |a New York  |b John Wiley & Sons  |c 1997 
300 |a 383 s. 
610 2 0 |a audit 
610 2 0 |a audítorstvo 
610 2 0 |a zákony 
610 2 0 |a legislatíva 
610 2 0 |a revízia 
610 2 0 |a revízia účtovná 
610 2 0 |a účtovníctvo 
610 2 0 |a využitie počítačov 
610 2 0 |a audítori 
610 2 0 |a kontroling 
100 1 |a Porter, Brenda 
700 1 |a Simon, Jon 
700 1 |a Hatherly, David